| Tag |
First Indicator |
Second Indicator |
Subfields |
| LEADER |
00000pam a2200000 i 4500 |
| 001 |
in00000307488 |
| 005 |
20151010151240.0 |
| 008 |
780329s1978 nyua 00010 eng |
| 010 |
|
|
|a 75021238
|
| 020 |
|
|
|a 0385118231 :
|c $7.95
|
| 035 |
|
|
|a (OCoLC)03872827
|
| 035 |
|
|
|9 ABH9372AM
|
| 040 |
|
|
|a DLC
|c DLC
|d TXA
|d UtOrBLW
|
| 049 |
|
|
|a TXAM
|c [1402346]
|
| 050 |
0 |
0 |
|a GV979.S9
|b N67 1978
|
| 082 |
0 |
|
|a 796.352/3
|
| 100 |
1 |
|
|a Norwood, Jo.
|
| 240 |
1 |
0 |
|a Golf-o-metrics
|
| 245 |
1 |
0 |
|a Joe Norwood's Golf-o-metrics /
|c with Marilynn Smith and Stanley Blicker ; ill. by George Janes.
|
| 250 |
|
|
|a 1st ed.
|
| 264 |
|
1 |
|a Garden City, N.Y. :
|b Doubleday,
|c 1978.
|
| 300 |
|
|
|a 142 pages :
|b illustrations ;
|c 27 cm.
|
| 336 |
|
|
|a text
|b txt
|2 rdacontent
|
| 337 |
|
|
|a unmediated
|b n
|2 rdamedia
|
| 338 |
|
|
|a volume
|b nc
|2 rdacarrier
|
| 650 |
|
0 |
|a Swing (Golf)
|
| 650 |
|
0 |
|a Golf.
|
| 700 |
1 |
|
|a Smith, Marilynn.
|
| 700 |
1 |
|
|a Blicker, Stanley.
|
| 740 |
0 |
|
|a Golf-o-metrics.
|
| 999 |
|
|
|a MARS
|
| 999 |
f |
f |
|s 5ab541fc-77de-317a-8d90-63da4279b96c
|i bda592a1-fdf4-3da6-965f-5fcfecdb7ed6
|t 0
|
| 952 |
f |
f |
|p ric
|a Texas A&M University
|b Rellis Campus
|c Joint Library Facility
|d Remote Storage
|t 0
|e GV979.S9 N67 1978
|h Library of Congress classification
|i unmediated -- volume
|m A14802480847
|
| 998 |
f |
f |
|a GV979.S9 N67 1978
|t 0
|l Remote Storage
|